00511nam a2200181 a 4500008004100000020001500041050002000056100002400076245004700100250001200147260003300159300002300192350000900215490004100224500002800265650001400293700002200307060316s1983 ||||||||||||||||| || u a0070303673 aTL 725.3.P5 Har aMcKelvey, Francis X10aPlanning and design of airports. (3rd ed.) a3rd ed. aNew York bMcGraw-Hillc1983 axii, 616 p. : ill. a0.00 aMcGraw-Hill series in transportation aIncludes bibliographies aTEXTBOOKS aHoronjeff, Robert